000 01466nab a2200253 i 4500
001 768714001
003 CO-MdFUSB
005 20240524113020.0
008 240524t1974 sp ||||| |||| 00| 0 spa d
040 _bspa
_cCO-MdFUSB
_dCO-MdFUSB
041 _aspa
100 _aErber, Margareta,
_eautor
245 3 _aLa Iglesia católica ante la concepción biológico-antropológica de la sexualidad
_c/ Margareta Erber ; traducido por D. Romero
520 _aA pesar de que las acepciones del término “sexualidad” son muy diversas, no vamos a comenzar con una definición. Admitamos, simplemente, que la sexualidad no se reduce al ámbito genital, no se agota en el instinto ni se identifica con el aparato biológico de reproducción. Es más, ni siquiera para el aspecto reproductivo de la sexualidad puede bastar la biología, una vez que se ha desarrollado una etología al respecto. Debemos añadir, por otra parte, que el uso del término sexualidad implica siempre algo no objetivable.
650 0 _aSexo
_91346
650 7 _aAntropología cultural y social
_96714
650 0 _aBiología
_915
653 _aConcepción biológica
653 _aIglesia católica
700 _aRomero, D.,
_etraductor
773 0 _049450
_982681
_oR2590
_tRevista internacional de teología Concilium
_w(CO-MdFUSB)8
_x0210-1041
_gVolumen 100, (diciembre, 1974 ) páginas: 432 - 443
_qpáginas: 432
942 _cANA
945 _aCatherine Arias Álvarez - Practicante SENA
999 _c69906
_d69906